Régimen de dominio provincial y municipal (Registro nro. 24014)

Detalles MARC
000 -LEADER
fixed length control field 00321 a2200109 4500
001 - CONTROL NUMBER
control field ART_31277
005 - DATE AND TIME OF LATEST TRANSACTION
control field 20260410161840.0
008 - FIXED-LENGTH DATA ELEMENTS--GENERAL INFORMATION
fixed length control field 260409a
100 1# - MAIN ENTRY--PERSONAL NAME
Personal name Ballesteros, José Miguel
245 10 - TITLE STATEMENT
Title Régimen de dominio provincial y municipal
773 0# - HOST ITEM ENTRY
Title RAP
Related parts - Año 36, Nº 422 (nov. 2013)
Record control number REV5941

No hay ítems disponibles.